00555nam a2200133Ia 4500008004100000040001700041041001200058082002200070100001800092245026400110250001200374260002400386300001100410230917s9999||||xx |||||||||||||| ||und|| e196283aMAIN aEnglish a34:331.2041 M983S aMuthuswamy, P 0aSwamy's compilation of fundamental rules and the supplementary rules(corrected upto 1st August, 1985): Pt.1 - General rules except T. A. rules approved by the Comptroller and Auditor-General and the Director-General of Posts and Telegraphs as a reference book a8th ed. aMadrasbSwamyc1985 a472 p.